[Event "Krakow op-B 29th"]
[Site "Krakow"]
[Date "2019.01.02"]
[Round "7"]
[White "Lobunets, Vladimir"]
[Black "Wilk, Tomasz"]
[Result "0-1"]
[WhiteElo "1801"]
[BlackElo "1911"]
[PlyCount "150"]
[EventDate "2018.12.27"]
[EventType "swiss"]
[EventRounds "9"]
[EventCountry "POL"]
[SourceTitle "CBM 189 Extra"]
[Source "ChessBase"]
[SourceDate "2019.06.03"]
[SourceVersion "1"]
[SourceVersionDate "2019.06.03"]
[SourceQuality "1"]

1. d4 Nf6 2. Bf4 g6 3. Nf3 Bg7 4. c4 c5 5. e3 0-0 6. Bd3 d5 7. 0-0 cxd4 8. Nxd4 Qb6 9. Qb3 Qxb3 10. axb3 Bd7 11. Nc3 Nc6 12. Nf3 Nb4 13. Be2 a6 14. Ne5 Be6 15. Ra4 Nc6 16. Nxc6 bxc6 17. Rfa1 Rab8 18. Bxb8 Rxb8 19. Rxa6 Rxb3 20. Rxc6 Rxb2 21. Rb1 Rc2 22. cxd5 Nxd5 23. Nxd5 Rxe2 24. Nxe7+ Kf8 25. Nc8 Be5 26. Nd6 Ba2 27. Rf1 Kg7 28. Nb5 Rd2 29. g3 Be6 30. h4 Bd5 31. Rcc1 Bxg3 32. Rcd1 Bxf2+ 33. Rxf2 Rxd1+ 34. Kh2 h5 35. Nc3 Rh1+ 36. Kg3 Be6 37. Rh2 Rg1+ 38. Rg2 Rc1 39. Ne2 Re1 40. Kf2 Ra1 41. Nd4 Bg4 42. Kg3 Re1 43. Nc2 Rd1 44. Rh2 f6 45. Nd4 g5 46. hxg5 fxg5 47. Rf2 Rd3 48. Nf5+ Bxf5 49. Rxf5 Kg6 50. Re5 Ra3 51. Kf3 Ra1 52. Re8 g4+ 53. Kf4 Rf1+ 54. Kg3 Rf3+ 55. Kg2 Kg5 56. e4 Kh4 57. e5 Ra3 58. e6 Ra2+ 59. Kf1 Kg3 60. Rd8 Rf2+ 61. Ke1 Rf6 62. Rd6 Rf8 63. e7 Re8 64. Re6 Kg2 65. Kd2 g3 66. Re2+ Kg1 67. Re4 h4 68. Rxh4 Rxe7 69. Rh6 g2 70. Rh5 Kf2 71. Rf5+ Kg3 72. Rg5+ Kf3 73. Rg8 Re4 74. Kd3 Rg4 75. Rf8+ Kg3 0-1

[Event "Krakow op-B 29th"]
[Site "Krakow"]
[Date "2018.12.31"]
[Round "6"]
[White "Borowski, Przemyslaw"]
[Black "Lobunets, Vladimir"]
[Result "0-1"]
[WhiteElo "1817"]
[BlackElo "1801"]
[PlyCount "60"]
[EventDate "2018.12.27"]
[EventType "swiss"]
[EventRounds "9"]
[EventCountry "POL"]
[SourceTitle "CBM 189 Extra"]
[Source "ChessBase"]
[SourceDate "2019.06.03"]
[SourceVersion "1"]
[SourceVersionDate "2019.06.03"]
[SourceQuality "1"]

1. e4 c6 2. d4 d5 3. e5 c5 4. dxc5 Nc6 5. Bb5 Qa5+ 6. Nc3 e6 7. Be3 Bd7 8. Bxc6 Bxc6 9. Qd4 Ne7 10. b4 Qc7 11. Nf3 Nf5 12. Qf4 a5 13. b5 Bd7 14. c6 bxc6 15. b6 Qb7 16. 0-0 c5 17. Bd2 Qxb6 18. Rab1 Qd8 19. g4 Nh4 20. Nxh4 Qxh4 21. Rb7 Qd8 22. Rfb1 Be7 23. Na4 Bc6 24. R7b2 0-0 25. Nb6 Ra7 26. Qe3 d4 27. Qe1 a4 28. Ba5 c4 29. Nxc4 Qd5 30. Kf1 Qxc4+ 0-1

[Event "Krakow op-B 29th"]
[Site "Krakow"]
[Date "2018.12.27"]
[Round "1"]
[White "Lobunets, Vladimir"]
[Black "Landl, Margot"]
[Result "1/2-1/2"]
[WhiteElo "1801"]
[BlackElo "1975"]
[PlyCount "118"]
[EventDate "2018.12.27"]
[EventType "swiss"]
[EventRounds "9"]
[EventCountry "POL"]
[SourceTitle "CBM 189 Extra"]
[Source "ChessBase"]
[SourceDate "2019.06.03"]
[SourceVersion "1"]
[SourceVersionDate "2019.06.03"]
[SourceQuality "1"]

1. d4 f5 2. Nc3 Nf6 3. Bg5 d5 4. e3 e6 5. Nf3 Be7 6. Be2 0-0 7. 0-0 Nbd7 8. h3 c6 9. Bf4 Nh5 10. Bh2 Nhf6 11. Rb1 Ne4 12. Nd2 Nxc3 13. bxc3 Qa5 14. c4 Qxa2 15. Nb3 dxc4 16. Bxc4 Nb6 17. Bd3 Nd5 18. Qc1 Qa3 19. Qxa3 Bxa3 20. Na5 Bb4 21. Nxb7 Bxb7 22. c3 a5 23. cxb4 Nxb4 24. Bc4 Rfe8 25. Bd6 Ba6 26. Rfc1 Nd5 27. Ba2 Bb5 28. g4 g6 29. Kg2 Kf7 30. Kf3 Rad8 31. Bc5 a4 32. gxf5 gxf5 33. Rb2 Rg8 34. Bb1 Nf6 35. Ra2 Nd5 36. Ra3 Ra8 37. Bc2 Ra6 38. Rca1 Rga8 39. Bd1 Nf6 40. Bc2 Nd7 41. Bb4 Nb6 42. e4 fxe4+ 43. Bxe4 h6 44. Rc3 Nd5 45. Bxd5 exd5 46. Re3 R6a7 47. Ba3 Rb7 48. Rc1 Bc4 49. Rce1 Rb3 50. Kf4 Ra7 51. Bc5 Rab7 52. h4 Rxe3 53. Rxe3 Kf6 54. Ra3 Bb3 55. Ra1 h5 56. Re1 Rg7 57. Re5 Rg4+ 58. Ke3 Kg6 59. Be7 Bc2 1/2-1/2